| 000 | 00391nam a22001697a 4500 | ||
|---|---|---|---|
| 003 | SGT | ||
| 020 | _a9789352702428 | ||
| 082 |
_a618.2 _bD19K |
||
| 100 | _aKONAR, HIRALAL | ||
| 245 | _aDC DUTTA'S TB. OF OBSTETRICS | ||
| 250 | _a9TH | ||
| 260 |
_aINDIA _bJAYPEE PUB _c2019 |
||
| 300 | _a660 | ||
| 650 | _aOBST & GYNAE | ||
| 653 | _aDC DUTTA'S TB. OF OBSTETRICS | ||
| 942 |
_2ddc _cBK _0247 |
||
| 999 |
_c23320 _d23320 |
||